Normal view
MARC view
- D'Arcy, Aoife,
Entry Personal Name
001 - CONTROL NUMBER
- control field: 970
003 - CONTROL NUMBER IDENTIFIER
- control field: NUST
005 - DATE AND TIME OF LATEST TRANSACTION
- control field: 20170517124151.0
008 - FIXED-LENGTH DATA ELEMENTS
- fixed length control field: 170517|| aca||aabn | a|a d
040 ## - CATALOGING SOURCE
- Original cataloging agency: NUST
- Transcribing agency: NUST
100 ## - HEADING--PERSONAL NAME
- Personal name: D'Arcy, Aoife,
- Dates associated with a name: 1978-
670 ## - SOURCE DATA FOUND
- Source citation: Work cat.: (NUST)0: Kelleher, John D., 1974- 965, Fundamentals of machine learning for predictive data analytics :
